| 000 | 00527nam a2200193Ia 4500 | ||
|---|---|---|---|
| 003 | OSt | ||
| 005 | 20251118151751.0 | ||
| 008 | 210210b1940 xxu||||| |||| 00| 0 eng d | ||
| 040 | _cAL | ||
| 041 | _aKannada | ||
| 082 | _a851/9 | ||
| 100 |
_aAMBIKATANAYADATTA _9133665 _dಅಂಬಿಕಾತನಯದತ್ತ |
||
| 245 |
_aSakhigita _bಸಖೀಗೀತ |
||
| 260 |
_aDharavada _bManohara Grantha Mala _c1940 |
||
| 650 |
_aDa Ra Bendre _9133666 |
||
| 690 |
_aKannada Poetry _9133667 |
||
| 906 | _a018026 | ||
| 942 |
_2ddc _cBK |
||
| 999 |
_c141158 _d141158 |
||